Transmission of exchange rate shocks into domestic inflation: the case of the Czech Republic
Salvato in:
| Autore principale: | |
|---|---|
| Natura: | Capitolo di libro |
| Lingua: | inglese |
| Soggetti: | |
| Tags: |
Nessun Tag, puoi essere il primo ad aggiungerne!!
|
MARC
| LEADER | 00000naa$a2200000$$$4500 | ||
|---|---|---|---|
| 001 | 0100121 | ||
| 005 | 20231010115213.7 | ||
| 041 | 0 | |a eng | |
| 044 | |a CZ | ||
| 245 | 1 | 0 | |a Transmission of exchange rate shocks into domestic inflation: the case of the Czech Republic |c Oxana Babecká - Kucharčuková |
| 610 | 2 | 0 | |a kurz výmenný |
| 610 | 2 | 0 | |a inflácia |
| 610 | 2 | 0 | |a Česko |
| 100 | 1 | |a Babecká - Kucharčuková, Oxana | |